Normal view
MARC view
- Edavoor, Sandhya
Entry Personal Name
001 - CONTROL NUMBER
- control field: 7820
003 - CONTROL NUMBER IDENTIFIER
- control field: OSt
005 - DATE AND TIME OF LATEST TRANSACTION
- control field: 20250902154631.0
008 - FIXED-LENGTH DATA ELEMENTS
- fixed length control field: 250902|| aca||aabn | a|a d
040 ## - CATALOGING SOURCE
- Original cataloging agency: OSt
- Transcribing agency: OSt
100 ## - HEADING--PERSONAL NAME
- Personal name: Edavoor, Sandhya
670 ## - SOURCE DATA FOUND
- Source citation: Work cat.: (OSt)19505: Edavoor, Sandhya, Nanartha nighandu /, 2024.
